| 000 | 00671nam a22002177a 4500 | ||
|---|---|---|---|
| 003 | BD-DhJNU | ||
| 005 | 20251210075808.0 | ||
| 008 | 251210b |||||||| |||| 00| 0 eng d | ||
| 020 | _a9788131758441 | ||
| 020 | _a9789332501188 | ||
| 040 |
_aBD-DhJNU _bENG _cBD-DhJNU _dBD-DhJNU |
||
| 082 |
_223 _a370.1 PAP |
||
| 100 | _aPathak, R. P. | ||
| 245 |
_aPhilosophical and sociological principles of education/ _cR. P. Pathak |
||
| 260 |
_aNew Delhi : _bPearson Education, _c2012. |
||
| 300 |
_axiv, 296p. : _bill. ; _c24 cm. |
||
| 504 | _aIncludes bibliographical references | ||
| 650 | _aEducational psychology | ||
| 650 | _aEducational sociology | ||
| 942 |
_2ddc _cBK _n0 |
||
| 999 |
_c2414 _d2414 |
||